Truyện cổ Andersen

Spremljeno u:
Bibliografski detalji
Glavni autor: Andersen, Hans Christian
Daljnji autori: Mạnh, Chương (dịch)
Format: Knjiga
Izdano: Hà Nội Văn học 2008
Teme:
Oznake: Dodaj oznaku
Bez oznaka, Budi prvi tko označuje ovaj zapis!
Thư viện lưu trữ: Trung tâm Học liệu Lê Vũ Hùng, Trường Đại học Đồng Tháp
LEADER 00712pam a22002058a 4500
001 00027488
005 20201208091202.0
008 111122s2008 ||||||Viesd
041 0 # |a Vie 
082 1 4 |a 398.209 489  |b TR527C 
100 1 # |a Andersen, Hans Christian 
245 1 0 |a Truyện cổ Andersen  |c Hans Christian Andersen; Mạnh Chương dịch 
260 # # |a Hà Nội  |b Văn học  |c 2008 
300 # # |a 651tr.  |c 21cm. 
650 # 4 |z Đan Mạch  |a Văn học dân gian  |x Truyện cổ 
653 # # |a Truyện cổ 
700 1 # |a Mạnh, Chương  |e dịch 
852 # # |j KM.0034747 
910 0 # |a Ntuyet  |d 22/11/2011 
980 # # |a Trung tâm Học liệu Lê Vũ Hùng, Trường Đại học Đồng Tháp